| 000 | 00764caa a2200205 4500 | ||
|---|---|---|---|
| 999 |
_c459202 _d459202 |
||
| 001 | 216217412 | ||
| 003 | UA-OsUOA | ||
| 005 | 20200513101529.0 | ||
| 008 | 200513b un ||||| |||| 00| 0 ukr d | ||
| 040 |
_aUA-OsUOA _bukr _cUA-OsUOA _dUA-OsUOA |
||
| 041 | _aukr | ||
| 080 | _a908 | ||
| 090 | _a908 | ||
| 100 | _aМанько М. | ||
| 245 |
_aІм’я Острога на полковому знамені (167-й піхотний Острозький полк російської імператорської армії) _cМ. Манько |
||
| 300 | _aС. 102–105 | ||
| 650 | _2UDC | ||
| 773 | 0 |
_0399318 _9416566 _dОстрог НаУОА 2014 _o148881 _tОстрозький краєзнавчий збірник _w(UA-OsUOA) 113461 |
|
| 942 |
_2udc _cBKA |
||